000 01130nam a2200253Ia 4500
003 OSt
005 20250619152058.0
008 191128t2017 ck er 000 f spa d
020 _a9789588997025
040 _aCO-JMCR
_cCO--JMCR
041 _aspa
082 _aA-N
_bNERs
_223
100 1 _aNerval, Gérard de,
_d1808 -1855,
_eautor
_97737
245 1 0 _aSylvie :
_brecuerdos del valois /
_cGérard de Nerval; traductor Mateo Cardona Vallejo
250 _aPrimera edición
260 _aBogotá :
_bAlcaldía Mayor de Bogotá ; Instituto Distrital de las Artesa (IDARTES),
_c©2017
300 _a77 páginas ;
_c17 cm.
490 0 _aLibro al viento universal
500 _aIncluye datos biográficos del autor. Ganador de la beca Nacional de traducción - Frances, Idartes 2016.
505 _aGérard de Nerval -- Noche perdida -- Adrienne -- Resolución -- Viaje a Citera -- El pueblo -- Othys -- Chaalis -- El baile de Loisy -- Ermenonville -- El crespo -- Regreso -- Don Gordo -- Auréle -- Última hoja
650 1 4 _aPoesía francesa
_97738
700 _aCardona Vallejo, Mateo,
_etraductor
_97739
942 _2ddc
_cBK
999 _c3317
_d3317